• 首页
  • 本馆介绍
  • 公告通知
  • 最新文献
  • 馆藏检索
  • 电子资源
  • 读者导购
  • 参考咨询
  • 我的图书馆
  • 登录
  • 详细信息显示
  • 放入我的书架
  • 预约/预借图书
  • 作者相关作品
  • 分类相关作品
  • 丛书相关作品
  • 出版社相关作品

书目信息

  • 表格格式
  • 工作单格式
  • 卡片格式
题名:
中国人文思想
    
 
作者: 武俊平 著
分册:  
出版信息: 北京   线装书局  2004
页数: 464页
开本: 21cm
丛书名:
单 册:
中图分类: B821-49 , B2
科图分类:
主题词: 人生哲学--通俗读物 , 人生哲学 , 哲学--中国
电子资源:
ISBN: 7-80106-356-2
000 00948nam0 2200277 450
001 1163371796
005 20110928173923.98
010    @a7-80106-356-2@dCNY28.80
100    @a20050119d2004 em y0chiy50 ea
101 0  @achi
102    @aCN@b110000
105    @ay z 000yy
106    @ar
200 1  @a中国人文思想@e寻找自己的精神家园@f武俊平著@Azhong guo ren wen si xiang
210    @a北京@c线装书局@d2004
215    @a464页@d21cm
330    @a本书贯穿了一个基本思想,就是主张现代人洗净种种文明带来的污染,恢复人性的光彩,过一种更加符合人性的生活,怎样充分完美地实现人性,是人生哲学的任务。
517 1  @a寻找自己的精神家园@Axun zhao zi ji de jing shen jia yuan
606 0  @a人生哲学@j通俗读物
606 0  @a人生哲学
606 0  @a哲学@x中国
690    @aB821-49@v4
690    @aB2@v4
701  0 @a武俊平@f(1961~)@4著@Awu jun ping
801  0 @aCN@b大连网信软件有限公司图书馆·11@c20110928
905    @a10447@dB2@eJY89
    
    中国人文思想:寻找自己的精神家园/武俊平著.-北京:线装书局,2004
    464页;21cm
    
    
    ISBN 7-80106-356-2:CNY28.80
    本书贯穿了一个基本思想,就是主张现代人洗净种种文明带来的污染,恢复人性的光彩,过一种更加符合人性的生活,怎样充分完美地实现人性,是人生哲学的任务。
●
相关链接 在E读中查询图书 在五车中查询图书 在当当中查询图书 在豆瓣中查询图书


正题名:中国人文思想     索取号:B2/JY89         预约/预借

序号 登录号 条形码 馆藏地/架位号 状态 备注
1 7824525   278245258   学院路分馆/ [索取号:B2/JY89] 在馆    
2 7824526   278245267   学院路分馆/ [索取号:B2/JY89] 在馆    
3 7824527   278245276   学院路分馆/ [索取号:B2/JY89] 在馆    
4 7824528   278245285   学院路分馆/ [索取号:B2/JY89] 在馆    
5 7824529   278245294   学院路分馆/ [索取号:B2/JY89] 在馆    
6 7824530   278245301   学院路分馆/ [索取号:B2/JY89] 在馆    
7 7824531   278245310   学院路分馆/ [索取号:B2/JY89] 在馆    
8 7824532   278245329   学院路分馆/ [索取号:B2/JY89] 在馆    
9 7824533   278245338   学院路分馆/ [索取号:B2/JY89] 在馆    
唐山师范学院图书馆 欢迎您!
大连网信软件有限公司© 版权所有